The work of Hans Holbein. (Record no. 3719)

MARC details
000 -CABECERA
campo de control de longitud fija 00821nam a2200265 a 4500
001 - NÚMERO DE CONTROL
campo de control BRCA_3993
005 - FECHA Y HORA DE LA ÚLTIMA TRANSACCIÓN
campo de control 20190320204514.0
008 - DATOS DE LONGITUD FIJA--INFORMACIÓN GENERAL
campo de control de longitud fija 150110s1913----nyuac#####---#000-0#eng-#
041 ## - CÓDIGO DE LENGUA
Código de lengua del texto/banda sonora o título independiente eng
044 ## - CÓDIGO DEL PAÍS DE LA ENTIDAD EDITORA/PRODUCTORA
Código MARC del país nyu
050 #4 - SIGNATURA TOPOGRÁFICA DE LA BIBLIOTECA DEL CONGRESO
Número de clasificación ND588.H6
Número de documento/Ítem .W67 1 1913
245 10 - MENCIÓN DE TÍTULO
Título The work of Hans Holbein.
260 ## - PUBLICACIÓN, DISTRIBUCIÓN, ETC.
Lugar de publicación, distribución, etc. Nueva York
Nombre del editor, distribuidor, etc. Bretano´s
Fecha de publicación, distribución, etc. 1913
300 ## - DESCRIPCIÓN FÍSICA
Extensión 11 p.
Otras características físicas il., retratos, 228 p. de láminas
Dimensiones 27 cm.
440 #0 - MENCIÓN DE SERIE/PUNTO DE ACCESO ADICIONAL--TÍTULO
Título Classics in art series
Designación de volumen o secuencia 14
9 (RLIN) 10384
500 ## - NOTA GENERAL
Nota general Reproduced in two hundred and fifty two illustrations with a biographical introduction
500 ## - NOTA GENERAL
Nota general Edición con canto de cabeza dorado
500 ## - NOTA GENERAL
Nota general Ejemplar igual a M36
500 ## - NOTA GENERAL
Nota general CEF1
600 14 - PUNTO DE ACCESO ADICIONAL DE MATERIA--NOMBRE DE PERSONA
Nombre de persona Holbein, Hans
Fechas asociadas al nombre 1497-1543
9 (RLIN) 10385
650 14 - PUNTO DE ACCESO ADICIONAL DE MATERIA--TÉRMINO DE MATERIA
Término de materia o nombre geográfico como elemento de entrada Pintores alemanes
9 (RLIN) 797
650 14 - PUNTO DE ACCESO ADICIONAL DE MATERIA--TÉRMINO DE MATERIA
Término de materia o nombre geográfico como elemento de entrada Pinturas alemanas
9 (RLIN) 10386
902 ## - CATALOGADOR
Iniciales GFM
942 ## - ELEMENTOS DE PUNTO DE ACCESO ADICIONAL (KOHA)
Fuente del sistema de clasificación o colocación Library of Congress Classification
Tipo de ítem Koha Libros
Holdings
Estado de retiro Estado de pérdida Estado dañado No para préstamo Localización permanente Ubicación/localización actual Fecha de adquisición Número de inventario Total de préstamos Signatura topográfica completa Código de barras Fecha visto por última vez Precio válido a partir de Tipo de ítem Koha
El ejemplar forma parte de la colección y puede ser consultado según las políticas vigentes.       Biblioteca del Museo Franz Mayer (Rogerio Casas-Alatriste) Biblioteca del Museo Franz Mayer (Rogerio Casas-Alatriste) 15/01/2010 CEF1   ND588.H6 .W67 1 1913 (CEF1) 3990 22/03/2019 22/03/2019 Libros